Most Common Dog Breed Pets In The USA - Statistics

General Stats
  • This quiz has been taken 80 times
    76 since last reset
  • The average score is 7 of 20
Answer Stats
Rank Dog % Correct
1 Labrador Retriever
85%
3 Golden Retriever
78%
2 German Shepherd
77%
8 Poodle
75%
5 Beagle
63%
4 Bulldog
62%
9 Rottweiler
45%
15 Great Dane
38%
7 Yorkshire Terrier
38%
10 Boxer
35%
6 French Bulldog
33%
19 Shih Tzu
27%
17 Australian Shepherd
20%
18 Cavalier King Charles Spaniel
18%
11 Pointer
10%
13 Dachshunds
0%
14 Doberman Pinschers
0%
16 Miniature Schnauzers
0%
20 Pembroke Welsh Corgis
0%
12 Siberian Huskie
0%
No matching quizzes found
Score Distribution
Percent of People with Each Score
Percentile by Number Answered
Your Score History
You have not taken this quiz since the last reset